| 000 | 00653nam a2200181Ia 4500 | ||
|---|---|---|---|
| 008 | 090201s9999 xx 000 0 und d | ||
| 010 | _aKPL-68753 | ||
| 040 | _bमराठी | ||
| 041 | _aमराठी | ||
| 082 |
_a47262 _b68753 |
||
| 100 | _aभोसले राजन/ अनु.कुंटे माधवी | ||
| 245 |
_aओशो विचार दर्शन _cभोसले राजन/ अनु.कुंटे माधवी |
||
| 250 | _a1 | ||
| 260 |
_c2004 _bमनोविकास प्रकाशन |
||
| 300 |
_a239 _bमध्यम |
||
| 600 | _aओशो विचार दर्शन | ||
| 942 | _cBOOK | ||
| 999 |
_c243977 _d243977 |
||